000 00660nam a2200229Ia 4500
001 1874
003 GE_BSU
008 181216s||||||||xx |||||||||||||| ||und||
010 _a5160024492
040 _cGE_BSU
080 _a342.4(075.32)
100 _aМушинский,В.О.
245 _aКонституционноу право .
245 _bУчебное пособие для профессионального образования.
260 _aМосква
260 _bФорум-Инфра
260 _c2006
300 _a174 с. 20 см.
541 _h6 л.
653 _aКонституционноу право
942 _cBK
999 _c35975
_d35975